000
00324nam a22001457a 4500
008
230614b ||||| |||| 00| 0 eng d
020
_a
9781111989798
041
_a
eng
080
_2
SEVENTH EDITION
_a
51
082
_a
51McK
100
_a
25
101
_a
MATE
245
_a
TRIGONOMETRY
_c
McKEAGUE.P.CH
942
_2
udc
_c
BK
999
_c
59967
_d
59967